Tűz a Tömegcikk Ktsz-ben
Elmentve itt :
| Dokumentumtípus: | Cikk |
|---|---|
| Megjelent: |
1971-03-25
|
| Sorozat: | Délmagyarország
61 No. 71 |
| Kulcsszavak: | Tömegcikk Ktsz. |
| Online Access: | http://dmarchiv.bibl.u-szeged.hu/104573 |
| LEADER | 00398nab a2200145 i 4500 | ||
|---|---|---|---|
| 001 | delm104573 | ||
| 005 | 20190429075655.0 | ||
| 008 | 190429s1971 hu o 0|| hun d | ||
| 040 | |a SZTE Délmagyarország Archívum |b hun | ||
| 041 | |a hun | ||
| 245 | 0 | 0 | |a Tűz a Tömegcikk Ktsz-ben |h [elektronikus dokumentum] |
| 260 | |c 1971-03-25 | ||
| 300 | |a 5 | ||
| 490 | 0 | |a Délmagyarország |v 61 No. 71 | |
| 695 | |a Tömegcikk Ktsz. | ||